Economie et gstion des residences de tourisme et condominiums parahoteliers

Αποθηκεύτηκε σε:
Λεπτομέρειες βιβλιογραφικής εγγραφής
Κύριος συγγραφέας: Guibilato, Gerard
Μορφή: Βιβλίο
Γλώσσα:French
Δημοσίευση: Paris : Centre des hautes etudes touristiques, 1990
Σειρά:Cahiers du tourisme. Serie C ; ; 76
Θέματα:
Ετικέτες: Προσθήκη ετικέτας
Δεν υπάρχουν, Καταχωρήστε ετικέτα πρώτοι!

MARC

LEADER 00000nam a2200000 i 4500
001 1/18989
008 960621s1990 fre d
035 |l 10021111 
040 |a GR-MY-UA  |b gre  |e aacr 
041 0 |a fre 
082 0 |a 338.4791 
100 1 |a Guibilato, Gerard. 
245 1 0 |a Economie et gstion des residences de tourisme et condominiums parahoteliers /  |c G.Guibilato 
260 |a Paris :   |b Centre des hautes etudes touristiques,   |c 1990 
300 |a 102 p. 
490 1 |a Cahiers du tourisme. Serie C  |v ; 76 
650 0 0 |a Tourism. 
830 0 |a Cahiers du tourisme. Serie C ;  |v ; 76 
852 |a INST  |b CHIOS  |e 19960621  |h 338.4791 GUI  |p 005200007599  |q 005200007599  |t BK  |y 0 
909 |a Χ  |b 032165